000 00643nam a2200193 i 4500
001 150808
003 ES-MaACL
005 20230906203716.0
007 t|
008 071113s1909 gw ||||1| ger d
100 1 _aBraun, Franz.
_931413
245 1 4 _aDie Entwicklung der spanischen Provinzialgrenzen in römischer Zeit /
_cvon Franz Braun.
260 _aBerlin :
_bWeidmann,
_c[1909]
300 _a138 p.
490 1 _aQuellen und Forschungen zur alten Geschichte und Geographie ;
_v17
830 0 _aQuellen und Forschungen zur alten Geschichte und Geographie ;
_v17
_9221171
852 _aES-MaACL
_j1618-F-14
999 _c150808
_d150808